| 000 | 00392nam a2200157Ia 4500 | ||
|---|---|---|---|
| 008 | 151213s9999 xx 000 0 und d | ||
| 100 | _aG. Albaun | ||
| 245 |
_aInternational Marketing Report Management _cG. Albaun |
||
| 250 | _a2nd | ||
| 260 |
_aNew York _bAddison Wesley _c1994 |
||
| 300 | _a2771 p. | ||
| 650 | _aMarketing | ||
| 650 | _aMarketing | ||
| 700 | _aG. Albaun | ||
| 999 |
_c1881 _d1881 |
||